| 000 | 02262nab a2200325 a 4500 | ||
|---|---|---|---|
| 005 | 20250624063856.0 | ||
| 008 | 991125c2016 sp tr p o 000 0 spa d | ||
| 035 | _aUPN01000210189 | ||
| 040 |
_aMX-MxUPN _bspa _cMX-MxUPN _eaacr2 |
||
| 049 | _aART-E | ||
| 100 | 1 | _aAlfageme González, M. Begoña | |
| 100 | 1 | _ualfageme@um.es | |
| 100 | 1 | _aMonteagudo Fernández, José | |
| 100 | 1 | _ujose.monteagudo@um.es | |
| 100 | 1 | _aMiralles Martínez, Pedro | |
| 100 | 1 | _upedromir@um.es | |
| 245 | 1 | 0 | _aConcepciones del profesorado de geografía e historia sobre la evaluación de los aprendizajes |
| 506 | 0 | _aAcceso abierto | |
| 520 | 3 | _aEl presente artículo aborda la temática de la evaluación del aprendizaje a partir de las concepciones sobre dicho proceso que tiene el profesorado de Geografía e Historia de Educación Secundaria Obligatoria (ESO), en 31 centros educativos de la Región de Murcia de 22 localidades diferentes. Para llevar a cabo dicha investigación, desarrollada en la Región de Murcia (España), se empleó un cuestionario al que contestaron 103 profesores, más de una cuarta parte del conjunto del profesorado de Geografía e Historia de la Región de Murcia. Los resultados nos indican que para los docentes la finalidad de la evaluación de los aprendizajes de los alumnos se centra los objetivos de la institución escolar o centro educativo de secundaria en el que trabajan y como un servicio social, atendiendo a la comunidad educativa y al alumnado al que enseñan. Como conclusión, y a la luz de algunas de las respuestas halladas, sostenemos que es necesaria una mejora en la formación docente que permita implementar en el aula otras estrategias metodológicas e instrumentos de evaluación que acerquen a esta hacia posiciones más acordes a los últimos cambios legislativos. | |
| 650 | 2 |
_aGeografía _94018 |
|
| 650 | 4 |
_aHistoria _91690 |
|
| 650 | 7 |
_aEducación secundaria _94281 |
|
| 653 | 0 | _aConcepciones docentes | |
| 653 | 0 | _aEvaluación del aprendizaje | |
| 773 |
_gVol. 16, no. 2 (2016), p. 1-22 _tActualidades investigativas en educación _x1409-4703 |
||
| 856 | 4 | _uhttps://www.redalyc.org/journal/447/44745615012/html/ | |
| 902 | _aGloria Jiménez/100625 | ||
| 905 | _aArticulo | ||
| 942 | _cART-E | ||
| 999 |
_c182290 _d182290 |
||